000 00709cam a22002531 4500
999 _c8352
_d8352
001 8352
003 BD-JhCC
005 20180709104559.0
008 720620s1966 maua 000 0 eng
035 _a(BD-JhCC)8352
035 _a(OCoLC)336525
040 _aDLC
_cOMC
_dOCoLC
_dMWMU
_dUk
_dDLC
_dBD-JhCC
041 _aeng
050 0 0 _aQC173
_b.E53
082 _a539.7
_bENG 1966
100 1 _aEnge, Harald A.
245 1 0 _aIntroduction to nuclear physics /
_cHarald A. Enge.
260 _aReading, Mass.,
_bAddison-Wesley Pub. Co.
_c[1966]
300 _ax, 582 p.
_billus.
_c24 cm.
440 0 _aAddison-Wesley series in physics,
_v1870
650 0 _aNuclear physics.
942 _2ddc
_cBK